| 000 | 00799nam a22002415i 4500 | ||
|---|---|---|---|
| 001 | 176498 | ||
| 003 | ES-MaACL | ||
| 005 | 20240129175501.0 | ||
| 008 | 110119s1961 sp a |||| | cat d | ||
| 080 | _a821.134.1.09 | ||
| 245 | 0 | 4 |
_aMaragall / _cOsvald Cardona ... [et al.]. |
| 260 |
_aBarcelona : _bEditorial Franciscana, _c1961. |
||
| 300 |
_a158 p. : _bil. bl. y n. ; _c18 cm. |
||
| 490 | 1 |
_aCritèrion. Col·lecció Ideològica ; _v12 |
|
| 500 | _aÍndices. | ||
| 546 | _aTexto en catalán. | ||
| 600 | 1 | 4 |
_aMaragall, Joan, _d1860-1911 _9152432 |
| 650 | 4 |
_aLiteratura catalana- _xHistoria y crítica. _914515 |
|
| 700 | 0 |
_aCardona, Osvald. _935182 |
|
| 830 | 0 |
_aCritèrion. Col·lecció Ideològica ; _v12 _9190094 |
|
| 852 |
_aES-MaACL _jE-14103 |
||
| 999 |
_c176498 _d176498 |
||